Estadísticas para Regiones de Países #1

Haz click aquí para intentar la prueba.

Estadísticas generales

  • Esta prueba ha sido intentada 3.962 veces
  • La puntuación promedio es 15 de 21

Estadísticas de respuestas

RegiónPaís% Correcto
ToscanaItalia
96%
AndalucíaEspaña
95%
BavieraAlemania
89%
Nueva InglaterraEstados Unidos
86%
TasmaniaAustralia
85%
HokkaidoJapón
85%
HolandaPaíses Bajos
85%
ChiapasMéxico
81%
BretañaFrancia
80%
TerranovaCanadá
75%
SumatraIndonesia
71%
ManchuriaChina
66%
AnatoliaTurquía
63%
KamchatkaRusia
62%
BohemiaRepública Checa
60%
JutlandiaDinamarca
57%
CornuallesReino Unido
57%
Osetia del SurGeorgia
53%
ValoniaBélgica
46%
LuzónFilipinas
42%
GuyaratIndia
35%

Distribución de puntuación

Porcentaje por número respondido

Porcentaje de gente con cada puntuación

Historial de tus puntuaciones

No has intentado esta prueba.